000 00688nam a2200253Ia 4500
001 dia_2313
003 CHAP
005 20251023163340.0
008 220117s1988 xx 000 0 und d
010 _a172835
040 _cCHAP
082 _a658 F4Y
100 _aFerner, Jack D.
_9152560
245 _aAdministración del Tiempo Como Recurso /
_c por Jack D. Ferner
260 _aMéxico :
_b Limusa,
_c1988
300 _a321 p.
500 _aC/e
503 _aTrad. de Successful Time Management
650 _a1.Administración.
_9146957
901 _a658 F4Y
902 _aM
905 _a0000001988 MEXX 0000000000ESP00
942 _cLIBRO
_2ddc
999 _c172835
_d172835